Contratos y concesiones vigentes: abril 1§ de 1916
Saved in:
| Institution som forfatter: | |
|---|---|
| Format: | Bog |
| Sprog: | spansk |
| Udgivet: |
Valparaíso
Roma
1916
|
| Fag: | |
| Tags: |
Tilføj Tag
Ingen Tags, Vær først til at tagge denne postø!
|
MARC
| LEADER | 00000nam a2200000 a 4500 | ||
|---|---|---|---|
| 001 | UCO2650 | ||
| 003 | CL-VaPUC | ||
| 008 | 000608e19160000CL |||||||||||||||||spa|d | ||
| 082 | 0 | 4 | |a 352.083255 |b MUN |2 21 |
| 110 | 2 | |a Municipalidad de Valparaíso |e author |9 446123 | |
| 245 | 1 | 0 | |a Contratos y concesiones vigentes: abril 1§ de 1916 |
| 300 | |a 254 p | ||
| 651 | 0 | |a Valparaíso, Chile |9 261144 | |
| 942 | |c BK | ||
| 945 | |d 20000608 00:00:00 |a crobeson | ||
| 260 | |a Valparaíso |b Roma |c 1916 | ||
| 650 | 0 | |a Municipalidades |9 255557 | |
| 650 | 0 | |a Administración municipal |9 367333 | |
| 650 | 0 | |a Contratos |9 255153 | |
| 650 | 7 | |a CONCESIONES |2 CL-VaPUC |9 259108 | |
| 583 | |a last modification |c 20000608 00:00:00 |k Rodrigo Vera | ||
| 999 | |c 289153 |d 289151 | ||
| 952 | |0 0 |1 0 |4 0 |6 352_083255000000000_MUN_1916 |7 0 |8 X |9 337359 |a BIBHIS |b BIBHIS |d 2019-11-20 |i 1293869 |o 352.083255 MUN 1916 |p 1293869 |r 2024-01-30 |w 2019-11-20 |y BK_X |k HIS | ||